The Kingfisher book of children's poetry
Αποθηκεύτηκε σε:
| Κύριος συγγραφέας: | |
|---|---|
| Μορφή: | Βιβλίο |
| Γλώσσα: | English |
| Δημοσίευση: |
London :
Kingfisher,
c1991
|
| Θέματα: | |
| Ετικέτες: |
Προσθήκη ετικέτας
Δεν υπάρχουν, Καταχωρήστε ετικέτα πρώτοι!
|
MARC
| LEADER | 00000nam a2200000 i 4500 | ||
|---|---|---|---|
| 001 | 1/16875 | ||
| 008 | 111130s1991 eng d | ||
| 020 | |a 0-86272-784-7 | ||
| 035 | |l 10111512 | ||
| 040 | |a GR-MY-UA |b gre |e aacr | ||
| 041 | 0 | |a eng | |
| 082 | 0 | |a 821.08 |2 (22) | |
| 100 | 1 | |a Rosen, Michael |b 1946- | |
| 245 | 1 | 4 | |a The Kingfisher book of children's poetry / |c chosen by Michael Rosen |
| 260 | |a London : |b Kingfisher, |c c1991 | ||
| 300 | |a 255 p.; |b ill.; |c 20 cm. | ||
| 504 | |a Περιέχει ευρετήριο | ||
| 650 | 0 | 0 | |a Children's poetry, English. |
| 650 | 0 | 0 | |a Children's poetry. |
| 852 | |a INST |b RHODES |e 20111130 |h 821.08 ROS |p 005400033850 |q 005400033850 |t BK |y 0 | ||
| 901 | |a BIBL4-2011-3 | ||
| 909 | |a Ρ |b 170498 | ||
| 920 | |a ΕΡΓΑΣΤΗΡΙΟ ΠΑΙΔΙΚΟΥ ΒΙΒΛΙΟΥ, ΛΟΓΟΥ ΚΑΙ ΘΕΑΤΡΙΚΟΥ ΠΑΙΧΝΙΔΙΟΥ |b ΤΜΗΜΑ ΕΠΙΣΤΗΜΩΝ ΤΗΣ ΠΡΟΣΧΟΛΙΚΗΣ ΑΓΩΓΗΣ ΚΑΙ ΤΟΥ ΕΚΠΑΙΔΕΥΤΙΚΟΥ ΣΧΕΔΙΑΣΜΟΥ |y ΡΟΔΟΣ |z 2011-11 | ||
| 922 | |a 4ΕΛΗ | ||
| 970 | |z 2011/11/30 | ||